Statistics for 10 Biggest States by Area - Map Quiz

Click here to take the quiz!

General Stats

  • This quiz has been taken 28 times
  • The average score is 9 of 10

Answers on the Map

Answers color-coded by a green-red scale on the quiz's map according to % correct below.
 

Answer Stats

Answer% Correct
California
100%
Alaska
96%
Arizona
96%
Texas
96%
Colorado
93%
Nevada
93%
New Mexico
93%
Oregon
93%
Montana
89%
Wyoming
89%

Score Distribution

Percentile by Number Answered

Percent of People with Each Score

Your Score History

You have not taken this quiz